Pro Sports Teams with Location & Team Name Starting w/Same Letter - Statistics

General Stats
  • This quiz has been taken 32 times
    9 since last reset
  • The average score is 14 of 17
Answer Stats
Hint Answer % Correct
NHL Boston Bruins
100%
NBA Los Angeles Lakers
100%
MLB Philadelphia Phillies
100%
NHL Pittsburgh Penguins
100%
NFL Seattle Seahawks
100%
NFL Buffalo Bills
83%
NBA Cleveland Cavaliers
83%
NFL Jacksonville Jaguars
83%
MLB Miami Marlins
83%
MLB Pittsburgh Pirates
83%
NBA Washington Wizards
83%
MLB Anaheim Angels
67%
MLB Chicago Cubs
67%
NBA San Antonio Spurs
67%
NFL Tennessee Titans
67%
NHL San Jose Sharks
50%
NBA Seattle Supersonics
33%
No matching quizzes found
Score Distribution
Percent of People with Each Score
Percentile by Number Answered
Your Score History
You have not taken this quiz since the last reset